[Event "Steyr Landesliga 2122"]
[Site "Austria"]
[Date "2022.03.19"]
[Round "4.6"]
[White "Deutschmann, Robert Peter"]
[Black "Wilfling, Sandra"]
[Result "1/2-1/2"]
[WhiteElo "1969"]
[BlackElo "1827"]
[PlyCount "42"]
[EventDate "2021.10.16"]
[EventType "team-tourn"]
[EventRounds "11"]
[EventCountry "AUT"]
[SourceTitle "EXT 2023"]
[Source "ChessBase"]
[SourceDate "2022.10.05"]
[SourceVersion "1"]
[SourceVersionDate "2022.10.05"]
[SourceQuality "1"]
[WhiteTeam "Graz Schachgesellschaft"]
[BlackTeam "Feldbach Kirchberg"]
[WhiteTeamCountry "AUT"]
[BlackTeamCountry "AUT"]

1. d4 d5 2. Nf3 Bf5 3. c4 e6 4. Nc3 Nf6 5. Bg5 c6 6. cxd5 exd5 7. Qb3 Qb6 8. Qxb6 axb6 9. Bxf6 gxf6 10. a3 b5 11. Nh4 Bc2 12. Rc1 Bb3 13. e3 b4 14. axb4 Bxb4 15. Bd3 Nd7 16. 0-0 Nb6 17. Ra1 0-0 18. Rfc1 Rfe8 19. Nf5 Nc4 20. Bxc4 Bxc4 21. Ng3 Bd3 1/2-1/2

[Event "Steyr Landesliga 1819"]
[Site "Austria"]
[Date "2018.11.17"]
[Round "5.3"]
[White "Deutschmann, Robert Peter"]
[Black "Ebner, Hubert"]
[Result "0-1"]
[WhiteElo "2006"]
[BlackElo "2247"]
[PlyCount "98"]
[EventDate "2018.10.06"]
[EventType "team-tourn"]
[EventRounds "11"]
[EventCountry "AUT"]
[SourceTitle "CBM 189 Extra"]
[Source "ChessBase"]
[SourceDate "2019.06.03"]
[SourceVersion "1"]
[SourceVersionDate "2019.06.03"]
[SourceQuality "1"]
[WhiteTeam "Leibnitz"]
[BlackTeam "Graz Austria"]
[WhiteTeamCountry "AUT"]
[BlackTeamCountry "AUT"]

1. d4 Nf6 2. c4 g6 3. Nc3 d5 4. Bf4 Bg7 5. e3 c5 6. dxc5 Qa5 7. Qa4+ Qxa4 8. Nxa4 Bd7 9. Nc3 Na6 10. cxd5 Nxc5 11. Be5 0-0 12. Nf3 b5 13. b4 Na4 14. Nxa4 bxa4 15. Bc4 a5 16. Rb1 Rfc8 17. Nd2 Bf5 18. Rc1 Bd3 19. f3 Nxd5 20. Bxg7 Kxg7 21. Kf2 Bxc4 22. Rxc4 Rxc4 23. Nxc4 axb4 24. Rd1 Nc3 25. Rd2 b3 26. axb3 a3 27. Nxa3 Rxa3 28. Rd7 Kf6 29. Rb7 e6 30. e4 e5 31. Rb6+ Kg7 32. h4 h5 33. g3 Ra2+ 34. Ke3 Rb2 35. Kd3 Na2 36. Rb5 Rg2 37. Rxe5 Rxg3 38. Ke3 Rg2 39. Kf4 Rb2 40. Rb5 Nc1 41. Rd5 Rxb3 42. Rd2 Nd3+ 43. Kg3 Ne5 44. Rf2 Kf6 45. Rf1 Rxf3+ 46. Rxf3+ Nxf3 47. Kxf3 Ke5 48. Ke3 f6 49. Kf3 g5 0-1

[Event "Steyr Landesliga 1819"]
[Site "Austria"]
[Date "2018.11.10"]
[Round "4.4"]
[White "Deutschmann, Robert Peter"]
[Black "Mussnig, Manfred"]
[Result "0-1"]
[WhiteElo "2006"]
[BlackElo "2187"]
[PlyCount "68"]
[EventDate "2018.10.06"]
[EventType "team-tourn"]
[EventRounds "11"]
[EventCountry "AUT"]
[SourceTitle "CBM 187 Extra"]
[Source "ChessBase"]
[SourceDate "2018.11.04"]
[SourceVersion "1"]
[SourceVersionDate "2018.11.04"]
[SourceQuality "1"]
[WhiteTeam "Leibnitz"]
[BlackTeam "Leoben"]
[WhiteTeamCountry "AUT"]
[BlackTeamCountry "AUT"]

1. d4 d5 2. c4 c6 3. Nf3 Nf6 4. e3 g6 5. Nc3 Bg7 6. Be2 0-0 7. 0-0 Qb6 8. Ne5 e6 9. Bd2 Nbd7 10. c5 Qc7 11. f4 Ne4 12. Nxe4 dxe4 13. Bc4 Re8 14. Qb3 b5 15. cxb6 axb6 16. Rfc1 Nxe5 17. fxe5 Bb7 18. Bb5 Qd7 19. Bf1 Bxe5 20. Qxb6 Bc7 21. Qc5 Bd6 22. Qc2 f5 23. b4 Qe7 24. a3 Qg5 25. Qb3 Kg7 26. Ra2 e5 27. Re1 exd4 28. exd4 f4 29. Bc3 Kh6 30. b5 e3 31. bxc6 Bxc6 32. Bb4 f3 33. Rc1 Bxh2+ 34. Kxh2 Qh4+ 0-1

[Event "Steyr Landesliga 1617"]
[Site "Austria"]
[Date "2017.04.01"]
[Round "9.7"]
[White "Wieser, Andreas"]
[Black "Deutschmann, Robert Peter"]
[Result "1-0"]
[WhiteElo "2102"]
[BlackElo "2036"]
[PlyCount "103"]
[EventDate "2016.10.01"]
[EventType "team-tourn"]
[EventRounds "11"]
[EventCountry "AUT"]
[SourceTitle "EXT 2018"]
[Source "ChessBase"]
[SourceDate "2017.10.13"]
[SourceVersion "1"]
[SourceVersionDate "2017.10.13"]
[SourceQuality "1"]
[WhiteTeam "Styria"]
[BlackTeam "Leibnitz"]
[WhiteTeamCountry "AUT"]
[BlackTeamCountry "AUT"]

1. e4 c5 2. Nf3 Nc6 3. d4 cxd4 4. Nxd4 Nf6 5. Nc3 e5 6. Ndb5 d6 7. Nd5 Nxd5 8. exd5 Nb8 9. c4 Be7 10. Be2 0-0 11. 0-0 Nd7 12. Kh1 f5 13. f4 a6 14. Nc3 Bf6 15. g3 Re8 16. Qc2 exf4 17. gxf4 Nc5 18. Bf3 b5 19. b4 Ne4 20. Bb2 bxc4 21. Rae1 Nxc3 22. Rxe8+ Qxe8 23. Bxc3 Bh4 24. Bd4 Rb8 25. Qxc4 Bd7 26. Rg1 g6 27. a3 Qc8 28. Rc1 Qxc4 29. Rxc4 Rc8 30. Rxc8+ Bxc8 31. Be2 Be1 32. Kg2 Bb7 33. Bc4 Kf7 34. Kf3 h6 35. Ke2 Bh4 36. Ke3 g5 37. Bb6 g4 38. a4 Be1 39. b5 axb5 40. axb5 h5 41. Bc7 Ke7 42. Bd3 Bc8 43. Ke2 g3 44. hxg3 Bxg3 45. Kf3 h4 46. b6 Be1 47. Bb5 h3 48. Bc6 Ba6 49. b7 Bf1 50. b8Q Bg2+ 51. Ke2 h2 52. Bxd6+ 1-0

[Event "Steyr Landesliga 1415"]
[Site "Austria"]
[Date "2015.04.11"]
[Round "10.6"]
[White "Wurm, Christoph"]
[Black "Deutschmann, Robert Peter"]
[Result "1/2-1/2"]
[WhiteElo "2098"]
[BlackElo "2025"]
[PlyCount "20"]
[EventDate "2014.09.27"]
[EventType "team-tourn"]
[EventRounds "11"]
[EventCountry "AUT"]
[SourceTitle "EXT 2016"]
[Source "ChessBase"]
[SourceDate "2015.10.08"]
[SourceVersion "1"]
[SourceVersionDate "2015.10.08"]
[SourceQuality "1"]
[WhiteTeam "Leoben"]
[BlackTeam "Leibnitz Software"]
[WhiteTeamCountry "AUT"]
[BlackTeamCountry "AUT"]

1. e4 c6 2. f4 d5 3. Nc3 g6 4. Nf3 Bg7 5. e5 Nh6 6. g3 0-0 7. Bg2 Na6 8. 0-0 Bf5 9. d3 Nc5 10. Qe2 f6 1/2-1/2

[Event "Steyr Landesliga 1415"]
[Site "Austria"]
[Date "2015.02.07"]
[Round "7.5"]
[White "Deutschmann, Robert Peter"]
[Black "Stolterfoht, Daniel"]
[Result "0-1"]
[WhiteElo "2025"]
[BlackElo "2078"]
[PlyCount "64"]
[EventDate "2014.09.27"]
[EventType "team-tourn"]
[EventRounds "11"]
[EventCountry "AUT"]
[SourceTitle "EXT 2016"]
[Source "ChessBase"]
[SourceDate "2015.10.08"]
[SourceVersion "1"]
[SourceVersionDate "2015.10.08"]
[SourceQuality "1"]
[WhiteTeam "Leibnitz Software"]
[BlackTeam "Graz Styria"]
[WhiteTeamCountry "AUT"]
[BlackTeamCountry "AUT"]

1. d4 d5 2. c4 e6 3. Nf3 Nf6 4. Nc3 Be7 5. Bg5 0-0 6. e3 h6 7. Bh4 b6 8. cxd5 Nxd5 9. Bg3 Nxc3 10. bxc3 Bb7 11. Bd3 Nd7 12. e4 c5 13. 0-0 Nf6 14. Qe2 Nh5 15. Be5 Bd6 16. Qe3 cxd4 17. cxd4 Bxe5 18. Nxe5 Nf6 19. f4 Rc8 20. Rac1 Rxc1 21. Rxc1 Qa8 22. Re1 Rc8 23. Bb1 Rc7 24. g4 Qc8 25. g5 hxg5 26. fxg5 Nd7 27. Nd3 Rc3 28. Rc1 Qc4 29. Rf1 f6 30. gxf6 Nxf6 31. Rxf6 gxf6 32. Qf2 Bxe4 0-1

[Event "Steyr Landesliga 1415"]
[Site "Austria"]
[Date "2014.11.08"]
[Round "4.5"]
[White "Reinwald, Patrick"]
[Black "Deutschmann, Robert Peter"]
[Result "0-1"]
[WhiteElo "2153"]
[BlackElo "2025"]
[PlyCount "102"]
[EventDate "2014.09.27"]
[EventType "team-tourn"]
[EventRounds "11"]
[EventCountry "AUT"]
[SourceTitle "EXT 2016"]
[Source "ChessBase"]
[SourceDate "2015.10.08"]
[SourceVersion "1"]
[SourceVersionDate "2015.10.08"]
[SourceQuality "1"]
[WhiteTeam "Pinggau Friedberg"]
[BlackTeam "Leibnitz Software"]
[WhiteTeamCountry "AUT"]
[BlackTeamCountry "AUT"]

1. d4 Nf6 2. c4 e6 3. Nc3 Bb4 4. e3 d5 5. Nge2 0-0 6. a3 Be7 7. cxd5 Nxd5 8. Nxd5 exd5 9. Nc3 c6 10. Bd3 Nd7 11. 0-0 f5 12. Qc2 g6 13. f3 Nf6 14. Bd2 Bd6 15. Be1 Qc7 16. g3 Be6 17. Rc1 Qg7 18. Bf2 Rae8 19. Na4 Bc8 20. b4 Re7 21. Qb3 Kh8 22. b5 cxb5 23. Bxb5 Rc7 24. Bd3 Rff7 25. Nc3 Qf8 26. Nb5 Rxc1 27. Rxc1 Bb8 28. Nc3 Qd8 29. Ne2 Rc7 30. Rxc7 Bxc7 31. Be1 g5 32. Qc2 Qd7 33. Kf2 f4 34. exf4 gxf4 35. gxf4 Nh5 36. Kg2 Qh3+ 37. Kg1 Nxf4 38. Nxf4 Bxf4 39. Bf1 Qe6 40. Bf2 Bd7 41. Qc5 Qd6 42. Qxa7 Bxh2+ 43. Kg2 Qh6 44. Be3 Qh3+ 45. Kh1 Qh4 46. Kg2 Qh3+ 47. Kh1 Qxf1+ 48. Kxh2 Qe2+ 49. Kg3 Qxe3 50. Qb8+ Kg7 51. Qxb7 Qe1+ 0-1

[Event "Steyr Landesliga 1415"]
[Site "Austria"]
[Date "2014.10.25"]
[Round "3.4"]
[White "Spindelboeck, Gernot"]
[Black "Deutschmann, Robert Peter"]
[Result "1/2-1/2"]
[WhiteElo "2270"]
[BlackElo "2025"]
[PlyCount "112"]
[EventDate "2014.09.27"]
[EventType "team-tourn"]
[EventRounds "11"]
[EventCountry "AUT"]
[SourceTitle "EXT 2016"]
[Source "ChessBase"]
[SourceDate "2015.10.08"]
[SourceVersion "1"]
[SourceVersionDate "2015.10.08"]
[SourceQuality "1"]
[WhiteTeam "Graz Austria"]
[BlackTeam "Leibnitz Software"]
[WhiteTeamCountry "AUT"]
[BlackTeamCountry "AUT"]

1. d4 Nf6 2. c4 c6 3. Nc3 d5 4. Nf3 e6 5. e3 Nbd7 6. Qc2 Bd6 7. Bd3 dxc4 8. Bxc4 b5 9. Bd3 Bb7 10. 0-0 0-0 11. Rd1 Qc7 12. a3 a5 13. e4 e5 14. h3 h6 15. Be3 Rac8 16. Rac1 Rfe8 17. Qb1 Qb8 18. b4 axb4 19. axb4 Ba8 20. dxe5 Nxe5 21. Nxe5 Bxe5 22. Ne2 Nh5 23. Rc5 g5 24. Bd4 Bb7 25. Qb2 f6 26. Bxe5 Rxe5 27. Rxe5 Qxe5 28. Qxe5 fxe5 29. Rc1 Rd8 30. Rc3 Kf8 31. g3 Bc8 32. Kg2 Bd7 33. Ng1 Ke7 34. Nf3 Kf6 35. Be2 Be8 36. Rc5 Ng7 37. Nxe5 Ne6 38. Ng4+ Kg7 39. Re5 Bf7 40. Ne3 Nd4 41. Bg4 Kf6 42. Rc5 h5 43. Bf5 Be8 44. e5+ Kf7 45. Bb1 Ra8 46. Nc2 Nb3 47. Rc3 Nd2 48. Ra3 Rxa3 49. Nxa3 Ke6 50. f4 gxf4 51. gxf4 h4 52. Bd3 Kd5 53. Nc2 Bd7 54. Ne3+ Kd4 55. Bf5 Be8 56. Nc2+ Kd5 1/2-1/2

[Event "Graz Land-ch"]
[Site "Graz"]
[Date "2014.09.13"]
[Round "6"]
[White "Deutschmann, Robert Peter"]
[Black "Matosec, Thomas"]
[Result "1-0"]
[WhiteElo "2025"]
[BlackElo "2109"]
[PlyCount "87"]
[EventDate "2014.09.08"]
[EventType "swiss"]
[EventRounds "7"]
[EventCountry "AUT"]
[SourceTitle "CBM 162 Extra"]
[Source "ChessBase"]
[SourceDate "2014.10.17"]
[SourceVersion "1"]
[SourceVersionDate "2014.10.17"]
[SourceQuality "1"]

1. d4 f5 2. Nf3 Nf6 3. g3 g6 4. Bg2 Bg7 5. 0-0 0-0 6. c4 d6 7. Nc3 Nc6 8. d5 Ne5 9. Nxe5 dxe5 10. Qb3 Rb8 11. c5 Kh8 12. Rd1 Bd7 13. a4 c6 14. dxc6 bxc6 15. Qc4 Qc8 16. Qh4 a5 17. e4 Rb4 18. f3 Be6 19. Be3 Rxb2 20. Rab1 Rb4 21. Rxb4 axb4 22. exf5 Bb3 23. Rb1 bxc3 24. Rxb3 Qxf5 25. Rxc3 Nd5 26. g4 Qb1+ 27. Rc1 Qb3 28. Bg5 Ne3 29. Qf2 Nxg4 30. Qd2 Nf6 31. a5 Nd5 32. a6 Qa3 33. Qe2 Rb8 34. Rc2 Rb1+ 35. Bf1 e4 36. fxe4 Bd4+ 37. Kg2 Nb4 38. Rd2 e5 39. Qc4 Kg7 40. Rxd4 Rb2+ 41. Rd2 h6 42. Be3 Rxd2+ 43. Bxd2 Na2 44. Bd3 1-0

[Event "Graz op 20th"]
[Site "Graz"]
[Date "2013.08.30"]
[Round "7"]
[White "Toefferl, Heimo"]
[Black "Deutschmann, Robert Peter"]
[Result "1-0"]
[WhiteElo "2096"]
[BlackElo "2035"]
[PlyCount "43"]
[EventDate "2013.08.24"]
[EventType "swiss"]
[EventRounds "9"]
[EventCountry "AUT"]
[SourceTitle "CBM 156 Extra"]
[Source "ChessBase"]
[SourceDate "2013.10.22"]
[SourceVersion "1"]
[SourceVersionDate "2013.10.22"]
[SourceQuality "1"]

1. d4 d5 2. c4 c6 3. Nc3 Nf6 4. Nf3 e6 5. Bg5 h6 6. Bh4 dxc4 7. e4 g5 8. Bg3 b5 9. Be2 b4 10. Na4 Nxe4 11. Bxc4 Nxg3 12. hxg3 Nd7 13. Qe2 Bd6 14. d5 cxd5 15. Bxd5 Rb8 16. 0-0-0 Nb6 17. Bb3 Nxa4 18. Bxa4+ Ke7 19. Nd4 Kf6 20. Nb5 Qa5 21. Nxd6 Qxa4 22. Qf3+ 1-0

[Event "Graz-ch"]
[Site "Graz"]
[Date "2013.01.20"]
[Round "5"]
[White "Matosec, Thomas"]
[Black "Deutschmann, Robert Peter"]
[Result "1-0"]
[WhiteElo "2072"]
[BlackElo "2043"]
[PlyCount "113"]
[EventDate "2013.01.12"]
[EventType "swiss"]
[EventRounds "7"]
[EventCountry "AUT"]
[SourceTitle "CBM 152 Extra"]
[Source "ChessBase"]
[SourceDate "2013.02.25"]
[SourceVersion "1"]
[SourceVersionDate "2013.02.25"]
[SourceQuality "1"]

1. c4 c5 2. Nf3 Nf6 3. Nc3 Nc6 4. g3 d5 5. cxd5 Nxd5 6. Bg2 g6 7. Nxd5 Qxd5 8. d3 Bg7 9. 0-0 Qh5 10. Be3 0-0 11. Rc1 Nd4 12. b4 e5 13. Rxc5 Nxf3+ 14. Bxf3 Bg4 15. Bxg4 Qxg4 16. Rc4 Qe6 17. Qc2 h5 18. a4 f5 19. Rc7 Rf7 20. Rc1 a6 21. Qc4 Qxc4 22. R1xc4 Raf8 23. b5 axb5 24. axb5 Bf6 25. f3 Re8 26. Rxf7 Kxf7 27. Rc7+ Re7 28. b6 Ke8 29. Rc8+ Kd7 30. Rf8 Ke6 31. h4 Bg7 32. Rg8 Kf7 33. Rd8 Ke6 34. Bc5 Rd7 35. Re8+ Kf7 36. Rc8 Ke6 37. Kf2 Bh6 38. Rg8 Kf7 39. Rh8 Bg7 40. Rc8 Ke6 41. Ke3 Bh6+ 42. f4 Kd5 43. Rc7 Ke6 44. Rc8 Kd5 45. Kf3 e4+ 46. dxe4+ fxe4+ 47. Ke3 Rf7 48. Rc7 Rf6 49. Bd4 Re6 50. Rxb7 Bf8 51. Rd7+ Kc6 52. b7 Re8 53. Rf7 Ba3 54. Be5 Bc5+ 55. Kxe4 Ba7 56. Rc7+ Kb6 57. Rc8 1-0

[Event "Graz-ch"]
[Site "Graz"]
[Date "2013.01.13"]
[Round "2"]
[White "Holzer, Michael"]
[Black "Deutschmann, Robert Peter"]
[Result "1-0"]
[WhiteElo "1947"]
[BlackElo "2043"]
[PlyCount "101"]
[EventDate "2013.01.12"]
[EventType "swiss"]
[EventRounds "7"]
[EventCountry "AUT"]
[SourceTitle "CBM 152 Extra"]
[Source "ChessBase"]
[SourceDate "2013.02.25"]
[SourceVersion "1"]
[SourceVersionDate "2013.02.25"]
[SourceQuality "1"]

1. e4 c5 2. Nf3 Nc6 3. d4 cxd4 4. Nxd4 Nf6 5. Nc3 e5 6. Ndb5 d6 7. Bg5 a6 8. Na3 b5 9. Nd5 Be7 10. Nxe7 Nxe7 11. Bd3 Bg4 12. f3 Be6 13. 0-0 Rc8 14. c3 Qb6+ 15. Kh1 Ng6 16. f4 Bg4 17. Qd2 Bd7 18. f5 Ne7 19. Rae1 h6 20. Bh4 Bc6 21. Nc2 Qb7 22. Bxf6 gxf6 23. Ne3 h5 24. c4 Rg8 25. Nd5 Bxd5 26. cxd5 Rg5 27. Qe3 Rc5 28. Rc1 Qc8 29. a4 Rxc1 30. Rxc1 Qb7 31. axb5 axb5 32. Qe2 b4 33. Bb5+ Kf8 34. Qc4 Qa7 35. Qxb4 Qf2 36. Bf1 h4 37. h3 Rg3 38. Qxd6 Re3 39. Qd8+ Kg7 40. Qxe7 Re1 41. Rxe1 Qxe1 42. Qc5 Qxf1+ 43. Qg1 Qe2 44. Qb1 Kf8 45. b4 Ke7 46. b5 Kd8 47. b6 Kc8 48. Qc1+ Kb7 49. Qc7+ Ka6 50. Qa7+ Kb5 51. b7 1-0

[Event "Graz-ch"]
[Site "Graz"]
[Date "2013.01.12"]
[Round "1"]
[White "Deutschmann, Robert Peter"]
[Black "Schnider, Gert"]
[Result "0-1"]
[WhiteElo "2043"]
[BlackElo "2314"]
[PlyCount "186"]
[EventDate "2013.01.12"]
[EventType "swiss"]
[EventRounds "7"]
[EventCountry "AUT"]
[SourceTitle "CBM 152 Extra"]
[Source "ChessBase"]
[SourceDate "2013.02.25"]
[SourceVersion "1"]
[SourceVersionDate "2013.02.25"]
[SourceQuality "1"]

1. d4 Nf6 2. c4 e6 3. Nf3 b6 4. a3 d5 5. Nc3 Bb7 6. Qc2 Be7 7. cxd5 exd5 8. Bf4 0-0 9. e3 c5 10. Be2 Nc6 11. h3 Rc8 12. 0-0 a6 13. Rac1 c4 14. Ne5 b5 15. Bf3 h6 16. Qf5 Bd6 17. Nxc6 Bxc6 18. Be5 Bxe5 19. dxe5 Nd7 20. Bxd5 Nc5 21. Rcd1 Nd3 22. Bxc6 Rxc6 23. Rd2 Qb6 24. Nd5 Qc5 25. Qd7 Nxe5 26. Qe7 Nd3 27. Qe4 Re6 28. Qf3 Rfe8 29. Nf4 Rf6 30. Nxd3 cxd3 31. Qd1 Rg6 32. Rxd3 Qf5 33. Rd8 Rxg2+ 34. Kxg2 Qg5+ 35. Qg4 Qxd8 36. Rd1 Qf6 37. Rd4 Re5 38. Qc8+ Kh7 39. Qc2+ g6 40. Rf4 Qe6 41. Qc7 Rg5+ 42. Kh2 Kg7 43. Qc3+ Qe5 44. Qxe5+ Rxe5 45. Rd4 Re6 46. Kg3 f5 47. Rd7+ Kf6 48. Rh7 Kg5 49. h4+ Kh5 50. Ra7 Rd6 51. Ra8 Rd2 52. b4 Rd6 53. Ra7 g5 54. hxg5 hxg5 55. Rh7+ Kg6 56. Ra7 Kf6 57. Kf3 Re6 58. Ra8 Ke5 59. Ra7 Rc6 60. Ra8 Rf6 61. Ra7 f4 62. exf4+ Rxf4+ 63. Ke3 Rf6 64. Ra8 Rc6 65. Re8+ Kf5 66. Ra8 Rc3+ 67. Ke2 Rxa3 68. Rf8+ Kg4 69. Ra8 Ra2+ 70. Ke3 Ra4 71. Ra7 Rxb4 72. Rxa6 Rb3+ 73. Ke4 Rf3 74. Rb6 b4 75. Ke5 Rf5+ 76. Ke6 Rxf2 77. Rxb4+ Kg3 78. Ke5 g4 79. Rb3+ Kg2 80. Rb8 g3 81. Ke4 Re2+ 82. Kd3 Re7 83. Rg8 Kh2 84. Rh8+ Kg1 85. Rg8 g2 86. Kd2 Re5 87. Rg7 Kf2 88. Rf7+ Kg3 89. Rg7+ Kf3 90. Rg8 Re4 91. Rf8+ Rf4 92. Rg8 Rg4 93. Rf8+ Kg3 0-1

[Event "Graz op"]
[Site "Graz"]
[Date "2005.09.09"]
[Round "7"]
[White "Lamb, Harry M"]
[Black "Deutschmann, Robert Peter"]
[Result "0-1"]
[WhiteElo "2179"]
[BlackElo "2038"]
[PlyCount "86"]
[EventDate "2005.09.03"]
[EventType "swiss"]
[EventRounds "9"]
[EventCountry "AUT"]
[SourceTitle "EXT 2007"]
[Source "ChessBase"]
[SourceDate "2006.11.23"]
[SourceVersion "1"]
[SourceVersionDate "2006.11.23"]
[SourceQuality "1"]

1. Nf3 c5 2. g3 Nc6 3. d4 cxd4 4. Nxd4 d5 5. Bg2 e5 6. Nxc6 bxc6 7. 0-0 Nf6 8. c4 Be7 9. Nc3 e4 10. Bg5 Be6 11. Qa4 0-0 12. e3 Ng4 13. Bxe7 Qxe7 14. Rad1 Rfd8 15. cxd5 cxd5 16. Qa5 Nf6 17. Rd4 Rac8 18. h3 Rc5 19. Qa3 Rdc8 20. Na4 R5c7 21. Qxe7 Rxe7 22. Rfd1 Rb7 23. R4d2 h5 24. Nc3 Rcb8 25. b3 Rc7 26. Ne2 Rbc8 27. Nd4 Rc1 28. Bf1 Nd7 29. Kg2 Ne5 30. Be2 g6 31. b4 Bd7 32. Rxc1 Rxc1 33. Nb3 Re1 34. Nc5 Bb5 35. f4 exf3+ 36. Bxf3 Rg1+ 37. Kf2 Rf1+ 38. Kg2 Nxf3 39. Rxd5 Be2 40. Rd8+ Kg7 41. h4 Ne1+ 42. Kh2 Rf2+ 43. Kh1 Nf3 0-1

[Event "Graz op"]
[Site "Graz"]
[Date "2005.09.06"]
[Round "4"]
[White "Deutschmann, Robert Peter"]
[Black "Kuran, Avelino"]
[Result "1-0"]
[WhiteElo "2038"]
[BlackElo "2026"]
[PlyCount "59"]
[EventDate "2005.09.03"]
[EventType "swiss"]
[EventRounds "9"]
[EventCountry "AUT"]
[SourceTitle "EXT 2007"]
[Source "ChessBase"]
[SourceDate "2006.11.23"]
[SourceVersion "1"]
[SourceVersionDate "2006.11.23"]
[SourceQuality "1"]

1. d4 d5 2. c4 c6 3. Nc3 Nf6 4. e3 e6 5. Nf3 Nbd7 6. Bd3 dxc4 7. Bxc4 Bd6 8. e4 e5 9. dxe5 Nxe5 10. Nxe5 Bxe5 11. Qxd8+ Kxd8 12. Bxf7 Bxc3+ 13. bxc3 Nxe4 14. Ba3 Nxc3 15. Bb2 Rf8 16. Bh5 Nd5 17. Bxg7 Rg8 18. Bh6 Rxg2 19. h4 Bg4 20. Kf1 Rxf2+ 21. Kxf2 Bxh5 22. Rhg1 Rb8 23. Rg7 Bg6 24. Rg1 Rc8 25. h5 Bxh5 26. Rxh7 Rc7 27. Rg8+ Be8 28. Bg5+ Ne7 29. Rhh8 Kd7 30. Rxe8 1-0

[Event "Graz op"]
[Site "Graz"]
[Date "2005.09.05"]
[Round "3"]
[White "Brunner, Gerhard"]
[Black "Deutschmann, Robert Peter"]
[Result "1/2-1/2"]
[WhiteElo "2095"]
[BlackElo "2038"]
[PlyCount "50"]
[EventDate "2005.09.03"]
[EventType "swiss"]
[EventRounds "9"]
[EventCountry "AUT"]
[SourceTitle "EXT 2007"]
[Source "ChessBase"]
[SourceDate "2006.11.23"]
[SourceVersion "1"]
[SourceVersionDate "2006.11.23"]
[SourceQuality "1"]

1. e4 c5 2. Nf3 e6 3. d4 cxd4 4. Nxd4 Nf6 5. Nc3 Nc6 6. Ndb5 d6 7. Bf4 e5 8. Bg5 a6 9. Na3 b5 10. Bxf6 gxf6 11. Nd5 f5 12. Bxb5 axb5 13. Nxb5 Ra4 14. Nbc7+ Kd7 15. b4 Qg5 16. c3 Qxg2 17. Rf1 Qxe4+ 18. Kd2 Bh6+ 19. f4 Qg2+ 20. Kc1 Rxa2 21. Rxa2 Qxa2 22. Qh5 Qa1+ 23. Kc2 Qa2+ 24. Kc1 Qa1+ 25. Kc2 Qa2+ 1/2-1/2

[Event "Vienna op 14th"]
[Site "Vienna"]
[Date "2003.08.23"]
[Round "8"]
[White "Deutschmann, Robert Peter"]
[Black "Waller, Helmut"]
[Result "1/2-1/2"]
[WhiteElo "2043"]
[BlackElo "2115"]
[PlyCount "111"]
[EventDate "2003.08.16"]
[EventType "swiss"]
[EventRounds "9"]
[EventCountry "AUT"]
[SourceTitle "CBM 095 Extra"]
[Source "ChessBase"]
[SourceDate "2003.09.04"]
[SourceVersion "1"]
[SourceVersionDate "2003.09.04"]
[SourceQuality "1"]

1. d4 d5 2. c4 c6 3. Nc3 Nf6 4. e3 Bf5 5. cxd5 cxd5 6. Qb3 Qd7 7. Nf3 e6 8. Ne5 Qc8 9. Bd2 Nfd7 10. f4 Nc6 11. a3 Be7 12. Rc1 Ndxe5 13. fxe5 0-0 14. Be2 Qd7 15. Na4 f6 16. exf6 Rxf6 17. 0-0 Raf8 18. Qb5 Be4 19. Nc3 Rxf1+ 20. Rxf1 Rxf1+ 21. Kxf1 a6 22. Qa4 Bg6 23. Na2 Bd6 24. Kg1 Qc7 25. h3 Qe7 26. Nb4 Be8 27. Nxc6 Bxc6 28. Qc2 Qh4 29. Bd3 h6 30. Qd1 e5 31. Qe1 Qf6 32. Qf1 e4 33. Be2 Bd7 34. Qxf6 gxf6 35. g4 f5 36. gxf5 Bxf5 37. Kg2 Kg7 38. Be1 Kg6 39. Bg3 Be7 40. Bf4 Bd7 41. Kg3 h5 42. h4 Ba4 43. Be5 Bd8 44. Bd6 Ba5 45. b4 Bb6 46. Bf1 Bd7 47. Be2 a5 48. Kf4 axb4 49. axb4 Bd8 50. Kg3 Bf6 51. Bf8 Be8 52. Bd1 Bb5 53. Bb3 Bc4 54. Bd1 Bd8 55. Bd6 Bf6 56. Bf8 1/2-1/2

[Event "Vienna op 14th"]
[Site "Vienna"]
[Date "2003.08.21"]
[Round "6"]
[White "Deutschmann, Robert Peter"]
[Black "Albadri, Abd Al Sattar"]
[Result "0-1"]
[WhiteElo "2043"]
[BlackElo "2168"]
[PlyCount "72"]
[EventDate "2003.08.16"]
[EventType "swiss"]
[EventRounds "9"]
[EventCountry "AUT"]
[SourceTitle "CBM 095 Extra"]
[Source "ChessBase"]
[SourceDate "2003.09.04"]
[SourceVersion "1"]
[SourceVersionDate "2003.09.04"]
[SourceQuality "1"]

1. Nf3 Nf6 2. c4 g6 3. Nc3 Bg7 4. e4 d6 5. d4 0-0 6. Be2 e5 7. 0-0 Nc6 8. d5 Ne7 9. Ne1 Nd7 10. Nd3 f5 11. Bd2 Nf6 12. f3 f4 13. c5 g5 14. cxd6 cxd6 15. Nf2 h5 16. h3 Ng6 17. Qc2 Rf7 18. Rfc1 Bd7 19. Bb5 g4 20. Bxd7 Qxd7 21. hxg4 hxg4 22. Qd1 Nh4 23. fxg4 Bh6 24. Qa4 Qxa4 25. Nxa4 Rg7 26. Rc2 Nxg4 27. Nxg4 Rxg4 28. Be1 f3 29. g3 Be3+ 30. Kh1 Ng2 31. Nc3 Kg7 32. Bf2 Rh8+ 33. Kg1 Rxg3 34. Bxe3 Nf4+ 35. Kf2 Rg2+ 36. Kxf3 Rh3# 0-1

[Event "Vienna op 14th"]
[Site "Vienna"]
[Date "2003.08.16"]
[Round "1"]
[White "Khmelevsky, Serguei"]
[Black "Deutschmann, Robert Peter"]
[Result "1-0"]
[WhiteElo "2263"]
[BlackElo "2043"]
[PlyCount "97"]
[EventDate "2003.08.16"]
[EventType "swiss"]
[EventRounds "9"]
[EventCountry "AUT"]
[SourceTitle "CBM 095 Extra"]
[Source "ChessBase"]
[SourceDate "2003.09.04"]
[SourceVersion "1"]
[SourceVersionDate "2003.09.04"]
[SourceQuality "1"]

1. c4 Nf6 2. Nc3 e5 3. Nf3 Nc6 4. d3 d5 5. cxd5 Nxd5 6. e3 g6 7. a3 Bg7 8. Qc2 0-0 9. Bd2 Nce7 10. Rc1 c6 11. Be2 Re8 12. 0-0 Nxc3 13. bxc3 Qd6 14. a4 c5 15. Ng5 h6 16. Ne4 Qc7 17. c4 Bd7 18. Nc3 Bc6 19. Rb1 Nf5 20. Rfd1 Nh4 21. e4 g5 22. Bh5 Qd6 23. Nd5 Qd7 24. Ra1 Rf8 25. Be3 Qd6 26. g3 Ng6 27. a5 Rab8 28. Rdb1 Rfe8 29. f3 Nf8 30. Qf2 Ne6 31. Bg4 Nd4 32. Bxd4 cxd4 33. Kg2 Kh8 34. Bf5 Bf8 35. Qd2 Rbd8 36. Kh1 Be7 37. Qf2 Rg8 38. Rf1 Rdf8 39. f4 f6 40. Qf3 Kg7 41. Rab1 Bd8 42. Qh5 Rf7 43. Qg6+ Kf8 44. Qxh6+ Rgg7 45. fxg5 Bxd5 46. cxd5 Qa3 47. gxf6 Rxf6 48. Be6 Qxd3 49. Qh8+ 1-0